000 00641nam a2200205Ii 4500
003 JO-AjNU
008 230605s9999||||xx |||||||||||||| ||und||
040 _aJO-AjNU
_bara
_erda
_cJO-AjNU
041 _aara
050 1 4 _aQA76.A4368 1984
100 3 _aالعامري ، فاروق محمد,
_eauthor
_935557
245 0 0 _aحاسب الجيب
250 _aط1
264 3 1 _aسوريا:دار الكتاب العرب ،1984
300 _a358ص
336 _atext
_btxt
_2rdacontent
337 _aunmediated
_bn
_2rdamedia
338 _avolume
_bnc
_2rdacarrier
650 4 _aالحاسبات الالكترونية الدقيقة
_935558
999 _aA14692
_c18260
_d18260